000 00539nam a2200217Ia 4500
003 OSt
005 20241007055049.0
008 240925s9999 xx 000 0 und d
020 _aNA
040 _csd
082 _a297.57 AHM
100 _aAhmed, Manzoor
245 0 _aIslam Aur Zindagi (اسلام اور زندگی)
250 _aNA
260 _aLahore:
_bIslamic Publication
_c,2004.
300 _axviii,525p.
_bNA
_fOriginal
500 _aNA
600 _aHumanities & Natural Science
650 _aReligion
942 _cBK
_2ddc
999 _c8192
_d8192